| 000 -LEADER |
| fixed length control field |
01326nam a2200253Ia 4500 |
| 001 - CONTROL NUMBER |
| control field |
16390 |
| 003 - CONTROL NUMBER IDENTIFIER |
| control field |
GE_BSU |
| 008 - FIXED-LENGTH DATA ELEMENTS--GENERAL INFORMATION |
| fixed length control field |
181216s||||||||xx |||||||||||||| ||und|| |
| 020 ## - INTERNATIONAL STANDARD BOOK NUMBER |
| International Standard Book Number |
ISBN 99940-55-24-0 |
| 040 ## - CATALOGING SOURCE |
| Transcribing agency |
GE_BSU |
| 080 ## - UNIVERSAL DECIMAL CLASSIFICATION NUMBER |
| Universal Decimal Classification number |
087.5:913(100)(084.4) |
| 100 ## - MAIN ENTRY--PERSONAL NAME |
| Personal name |
განერი, ანიტა |
| 245 ## - TITLE STATEMENT |
| Title |
დასურათებული ატლასი |
| 245 ## - TITLE STATEMENT |
| Statement of responsibility, etc. |
პროექტის რედ.: ბენ მორგანი (მთ. რედ.), საიმონ ჰოლანდი ; ციფრ. რუკ. ილ. პეტერ ბული ; ქართ. გამოც. რედ.: ნათელა თუხარელი, შორენა წიქარიშვილი ; მთარგმნ. სალომე დუნდუა |
| 260 ## - PUBLICATION, DISTRIBUTION, ETC. |
| Place of publication, distribution, etc. |
თბილისი |
| 260 ## - PUBLICATION, DISTRIBUTION, ETC. |
| Name of publisher, distributor, etc. |
არტანუჯი |
| 260 ## - PUBLICATION, DISTRIBUTION, ETC. |
| Date of publication, distribution, etc. |
2006 |
| 300 ## - PHYSICAL DESCRIPTION |
| Extent |
128გვ; ილ; 28სმ. |
| 300 ## - PHYSICAL DESCRIPTION |
| Other physical details |
დამატება: მსოფლიო სახელმწიფოთა რუკები გვ. 120-121, საძიებელი გვ. 123-127. |
| 300 ## - PHYSICAL DESCRIPTION |
| Accompanying material |
დაიბეჭდა და აიკინძა სლოვაკეთში. |
| 653 ## - INDEX TERM--UNCONTROLLED |
| Uncontrolled term |
დასურათებული ატლასი |
| 942 ## - ADDED ENTRY ELEMENTS (KOHA) |
| Koha item type |
წიგნი |